Top 10 bières prix/cuite - Statistiques

Statistiques générales
  • Ce quiz a été pris 167 fois
  • Le résultat moyen est 2 sur 10
Statistiques - réponses
Hint Réponse % Correct
3 8.6
86%
8 1664
42%
9 Leffe
38%
2 Saint-Omer
4%
10 Tripel Karmeliet
4%
7 Sterling
1%
4 U
1%
1 Falsbourg
0%
5 Goldenberg
0%
6 Starberg
0%
Aucun quiz correspondant
Distribution des résultats
% des personnes avec chaque résultat
Percentile par nombre de réponses
Votre historique - résultats
Vous n’avez pas pris ce quiz